| 000 | 00443nam a22001457a 4500 | ||
|---|---|---|---|
| 005 | 20150331142011.0 | ||
| 008 | 150331b xxu||||| |||| 00| 0 eng d | ||
| 040 | _cPK-LaUMT | ||
| 082 |
_aKHC 297.8 _bQAZ-K |
||
| 100 | _aقاضی اطہر مبارک | ||
| 245 |
_aخلافت عباسیھ اور ہندوستان _cقاضی اطہر مبارک |
||
| 260 |
_aسکھر _bفکرونطر پبلیکیشنز _c1986 |
||
| 300 | _a560 ص | ||
| 942 | _cBK | ||
| 999 |
_c68517 _d68517 |
||